1679 1733 1909 1058 1624 1103 1892 1128 1349 1783 1582 1181 1722 1096 1184 1617 1970 1613 1272 1885 1619 1067 1662 1600 1445 1185 1690 1404 1895 1613 1207 1942 1580 1055 1227 1749 1929 1357 1012 1602 1340 1484 1154 1442 1389 1127 1285 1774 1625 1718 1769 1699 1283 1289 1012 1754 1679 1384 1126 1883 1882 1111 1080 1032 1714 1557 1217 1180 1311 1797 1360 1677 1788 1874 1888 1429 1768 1937 1425 1553 1720 1622 1366 1438 1272 1000 1785 1673 1739 1487 1303 1397 1456 1918 1303 1020 1581 1961 1446 BCNSPRNW ULIB Ver.6.0+V

เปลี่ยนเป็นภาษาไทย

Change to English
 แสดงรายละเอียดบรรณานุกรม
  กลับหน้าหลัก

Brief Record : Get Marc (ISO 2709) : E-mail record : QR code < ปิดหน้าต่าง
LEADER : 00000nam 2200000uu 4500
001    13399112103
003     ULIB
008    110627s2550||||th 000 0 tha d
020    9789748290263
090    นว.^bM111F 2550
100 0  M ay 112
245 00 Fighting land เทรักมัดหัวใจนายนักสู้/^cM ay 112
250    พิมพ์ครั้งที่ 1
260    กรุงเทพฯ :^bแจ่มใส,^c2550
300    218 หน้า
710 1  แจ่มใส
945    ^p159^l0^i022005
995    ทศพร
999 ^a ใช้งานได้ทุกระบบ
รายการนี้ยังไม่มีแท็ก
คุณยังไม่ได้ล็อกอิน คุณสามารถมีกิจกรรมร่วมกับเว็บไซต์ได้ แต่ต้องล็อกอินก่อน ::
  ล็อกอิน

รายการสื่อสารสนเทศ

ลำดับที่ ประเภท เลขเรียก/บาร์โค้ด สถานที่ สถานะ
- ไม่พบข้อมูล -

BibComment


ยังไม่เคยถูกคอมเมนท์

คอมเมนท์ทรัพยากรรายการนี้
  คอมเมนท์: Fighting land เทร..


 Copyright 2026. Bcnsprnw @Library